LEADER 01074nam a2200241 i 4500 001 000000069954 003 CaOOAMICUS 005 20080603000000.0 008 080603s1967 it u000 u ita u 013 $a41126 040 $aSeMil$bita 100 1 $aGirardi, Giulio <1926- >.$0(OLS)http://semarc/name/24542 245 10$aCristiani e marxisti a confronto sulla pace :$bimplicanze dottrinali /$cGiulio Girardi. 260 $aAssisi :$bCittadella,$cstampa 1967. 300 $a84 p. ;$c21 cm. 490 0 $aNuove frontiere 500 $aRelazione tenuta al convegno tra cristiani e marxisti a Marianske Lazne (Cecoslovacchia) nel 1967. 650 4$aCristianesimo e marxismo.$0(OLS)http://semarc/subject/12379 830 0$aNuove frontiere.$0(OLS)http://semarc/title/6287 850 $aSeMil 852 $aSeMil$W1$xVenegono$y1$m2P I 431$j36107$B36107$CSeMilBibl$Z2$F36110 $81 996 $6245$aCristiani e marxisti a confronto sulla pace :$bimplicanze dottrinali$9(OLS)http://semarc/title/112179 996 $6260$aAssisi :$bCittadella$9(OLS)http://semarc/publisher/29661 LEADER 01409nam a2200265 i 4500 001 000000226379 003 CaOOAMICUS 005 20140121000000.0 008 140121s2008 it u000 u ita u 013 $a205281 040 $aSeMil$bita 100 1 $aTogni, Cinzia Stefania.$0(OLS)http://semarc/name/78551 245 10$aP. Leone Dehon (1843-1925) :$bun profeta dei tempi moderni "Dal Cuore di Cristo al cuore dell'uomo" /$cTesi di Magistero in Scienze religiose di Cinzia Stefania Togni ; Ch.mo Prof. Ennio mons. Apeciti. 260 $a[S.l. :$bs.n.,$c2008] 300 $a145 c. :$bill. ;$c30 cm. 500 $aIn testa al front : Istituto Superiore di Scienze Religiose di Milano. - A pič del front : Anno Accademico 2007/2008 ; Dedica autografa dell'autrice al Card. Martini. - Fondo card. C. M. Martini. 600 14$aDehon, Leon.$0(OLS)http://semarc/subject/8037 650 4$aTesi di laurea.$0(OLS)http://semarc/subject/1690 700 1 $aApeciti, Ennio,$c.$0(OLS)http://semarc/name/10867 850 $aSeMil 852 $aSeMil$W1$xVenegono$y1$m4X IX 44$j176725$B176725$CSeMilBibl$Z2$F187596 $8L 941 1 $a4 961 $aLascito: Martini Card. Carlo Maria 996 $6245$aP. Leone Dehon (1843-1925) :$bun profeta dei tempi moderni "Dal Cuore di Cristo al cuore dell'uomo"$9(OLS)http://semarc/title/324128 996 $6260$a[S.l. :$bs.n.$9(OLS)http://semarc/publisher/31686